Comment se nomment ces couvre-chefs ? - 10 - Images - Statistiques

Statistiques générales
  • Ce quiz a été pris 20 fois
  • Le résultat moyen est 6 sur 20
Statistiques - réponses
Par images Hint Réponse % Correct
C Cagoule
72%
C Canotier
61%
CDB Casque de boxe
61%
CDS Casque de spéléologie
61%
P Panama
61%
CDP Casque de pompier
56%
C Capuche
50%
CDS Casque de ski
50%
CDN Chapeau de Napoléon
44%
F Feutre
28%
CDP Chapeau de paille
22%
C Charlotte
22%
CG Casque gaulois
17%
C Capeline
6%
C Camauro
0%
C Capirote
0%
CA Casque Adrian
0%
CD Corne ducale
0%
E Escoffion
0%
S Salade
0%
Aucun quiz correspondant
Distribution des résultats
% des personnes avec chaque résultat
Percentile par nombre de réponses
Votre historique - résultats
Vous n’avez pas pris ce quiz